| 000 | 01540cam a22003977a 4500 | ||
|---|---|---|---|
| 003 | CHAP | ||
| 005 | 20220329142927.0 | ||
| 008 | 050302d2004 mx r 00110 spa d | ||
| 010 | _a89747 | ||
| 011 | _a90719 | ||
| 020 | _a9707040645 | ||
| 035 | _a101276 | ||
| 040 | _cCHAP | ||
| 082 | 0 | 4 |
_a378 _bV35 |
| 100 | 0 | 0 |
_aValenti Nigrini, Giovanna. _9117461 |
| 245 | 1 | 0 |
_aDiagnóstico sobre el estado actual de los estudios de egresados _c/por Giovanna Valenti Nigrini y Gonzalo Varela Petito |
| 260 |
_aMéxico, D. F. : _bAsociación Nacional de Universidades e Instituciones de Educación Superior, _c2004. |
||
| 300 | _a98 p. | ||
| 410 | 0 | 0 | _aAsociación Nacional de Universidades e Instituciones de Educación Superior |
| 490 | 0 | _aColección documentos | |
| 590 |
_aBATCH-UPD _b10 _c20130110 _lUCH01 _h0447 |
||
| 590 |
_aBATCH-UPD _b10 _c20130111 _lUCH01 _h0001 |
||
| 590 |
_aBATCH-UPD _b10 _c20130410 _lUCH01 _h0124 |
||
| 590 |
_aBATCH-UPD _b10 _c20130914 _lUCH01 _h0420 |
||
| 590 |
_aCONVERSION _b10 _c20130109 _lUCH01 _h1350 |
||
| 650 | 1 | 4 |
_aEducacion superior _xEgresados. _935402 |
| 650 | 1 | 4 |
_aPolítica educativa _zMéxico. _990561 |
| 700 | 0 |
_aVarela Petito, Gonzalo. _9117941 |
|
| 810 | 0 | 0 |
_aAsociación Nacional de Universidades e Instituciones de Educación Superior _98093 |
| 830 | 0 |
_aColección documentos _924828 |
|
| 901 | _aBK | ||
| 905 | _aLilia | ||
| 942 | _cLIBRO | ||
| 949 |
_a378 V35 _bBC _cLIBRO _d33724000933040 _eLIBRO _h105108 _i101276 _sb |
||
| 949 |
_a378 V35 _bBC _cLIBRO _d33724000976486 _eLIBRO _fc.2 _h106508 _i101276 _sb |
||
| 999 |
_c89747 _d89747 |
||